| 000 | 00552nam a2200169 i 4500 | ||
|---|---|---|---|
| 001 | 41164 | ||
| 003 | ES-MaACL | ||
| 005 | 20250804063401.0 | ||
| 007 | t| | ||
| 008 | 030310s1908 sp ||||1| spa d | ||
| 100 | 1 |
_aCascales Muñoz, José, _d1865-1933 _936269 |
|
| 245 | 1 | 4 |
_aLos Estados Unidos y el Japón _b: estudio histórico-comparativo de estas dos naciones / _cJosé Cascales Muñoz. |
| 260 |
_aMadrid : _b[s.n., _c1908] ( _fImprenta Moderna) |
||
| 300 |
_a134 p. ; _c21 cm. |
||
| 852 |
_aES-MaACL _jF-11558 |
||
| 999 |
_c41164 _d41164 |
||